Classement perpétuel de la Liga Portugal - Statistiques

Statistiques générales
  • Ce quiz a été pris 331 fois
  • Le résultat moyen est 10 sur 20
Statistiques - réponses
Top Nb Matchs Nb Points Club % Correct
1 1.144 2.676 FC Porto
100%
2 1.145 2.500 SL Benfica
100%
3 1.142 2.331 Sporting CP
98%
4 1.088 1.726 SC Braga
94%
7 922 1.336 Boavista Porto FC
77%
5 1.086 1.541 Vitória Guimarães SC
74%
11 688 841 Rio Ave FC
51%
8 820 1.015 CF Os Belenenses
49%
6 1.085 1.426 CS Marítimo
49%
13 580 719 CD Nacional
41%
10 834 905 Vitória Setúbal FC
40%
9 782 927 FC Paços de Ferreira
32%
20 406 457 Moreirense FC
32%
15 570 559 Académica Coimbra
30%
17 442 523 SC Farense
30%
18 464 513 CF Estrela Amadora SAD
28%
14 525 656 União de Leiria
27%
16 494 536 SC Beira-Mar
16%
12 732 822 Gil Vicente FC
6%
19 408 483 SC Salgueiros
4%
Aucun quiz correspondant
Distribution des résultats
% des personnes avec chaque résultat
Percentile par nombre de réponses
Votre historique - résultats
Vous n’avez pas pris ce quiz